000 00478nam a2200181Ia 4500
001 17643
005 20260306171532.0
008 260306s9999||||xx |||||||||||||| ||und||
041 _aESP
082 _a658.11
_bB85
100 _aBruna Quintas, Fernando
_eAUT
245 0 _aEmprendiendo un proyecto de empresa:
_bplanificación y gestión emprendedora
260 _c2010
300 _a201 páginas :
_c24 cm.
650 _aGEN
654 _aCAN
942 _cLIB
_dJUS
_fJUS
_2ddc
_n
999 _c17643
_d17643